Pays en N en 2 minutes - Statistiques

Statistiques générales
  • Ce quiz a été pris 502 fois
  • Le résultat moyen est 6 sur 8
Statistiques - réponses
Hint Réponse % Correct
1 Namibie
85%
4 Nicaragua
77%
5 Niger
77%
6 Nigéria
76%
8 Nouvelle-Zélande
71%
7 Norvége
70%
3 Népal
69%
2 Nauru
56%
Aucun quiz correspondant
Distribution des résultats
% des personnes avec chaque résultat
Percentile par nombre de réponses
Votre historique - résultats
Vous n’avez pas pris ce quiz